Statystyki dla Quiz o Mołdawii

Kliknij tutaj aby rozwiązać quiz!

Ogólne statystyki

  • Ten quiz został rozwiązany 1 170 razy
  • Średni wynik to 10 z 14

Statystyki odpowiedzi

WskazówkaOdpowiedź% Poprawnych
Państwa granicząceRumunia
99%
Państwa granicząceUkraina
99%
StolicaKiszyniów
96%
Oficjalny językrumuński
(mołdawski)
92%
Mołdawia znajduje się około 50 km od tego morzaMorze {Czarne}
90%
Państwo, od którego Mołdawia uzyskała niepodległość w 1991 rokuZwiązek Radziecki
75%
Oderwana republika na małym pasie ziemi na wschód od tej rzekiNaddniestrze
73%
Mołdawia to ______ państwo w EuropieNajbiedniejsze
73%
93% obywateli należy do tej gałęzi chrześcijaństwaPrawosławie
65%
Rzeka płynąca wzdłuż iw pobliżu wschodniej granicyDniestr
64%
Mołdawia produkuje ____ od tysięcy lat. Dziś jest 8.
największym producentem na mieszkańca na świecie.
Wino
62%
"Stolica” tej separatystycznej republiki, teoretycznie
drugie co do wielkości miasto Mołdawii
Tyraspol
57%
Waluta MołdawiiLej mołdawski
43%
Historyczny region, który obejmował
większość terytorium Mołdawii
Besarabia
36%

Rozkład punktacji

Percentyl według liczby udzielonych odpowiedzi

Procent ludzi z każdym wynikiem

Twoja historia wyników

Nie rozwiązałeś tego quizu